[Event "DEM U10 2024"]
[Site "Willingen GER"]
[Date "2024.05.22"]
[Round "6"]
[White "Chakhalov, Mikael"]
[Black "Zargaran, Sepas"]
[Result "1-0"]
[Termination "normal"]
[Board "3"]
[WhiteElo "1747"]
[BlackElo "1810"]
[WhiteClock "00:08:30"]
[BlackClock "00:08:11"]
[PlyCount "61"]
[WhiteFideId "34644458"]
[BlackFideId "34625275"]
[EventCountry "GER"]
[EventRounds "11"]
[EventType "swiss"]
[EventDate "2024.05.18"]

1. d4 {[%clk 01:15:54]} {[%emt 00:00:05]} Nf6 {[%clk 01:15:20]} {[%emt
00:00:41]} 2. c4 {[%clk 01:15:48]} {[%emt 00:00:36]} g6 {[%clk 01:15:35]}
{[%emt 00:00:15]} 3. Nc3 {[%clk 01:15:38]} {[%emt 00:00:40]} Bg7 {[%clk
01:15:55]} {[%emt 00:00:10]} 4. Nf3 {[%clk 01:15:43]} {[%emt 00:00:25]} O-O
{[%clk 01:16:07]} {[%emt 00:00:18]} 5. g3 {[%clk 01:15:46]} {[%emt 00:00:26]}
d6 {[%clk 01:15:59]} {[%emt 00:00:39]} 6. Bg2 {[%clk 01:15:51]} {[%emt
00:00:24]} c5 {[%clk 01:16:12]} {[%emt 00:00:18]} 7. d5 {[%clk 01:16:10]}
{[%emt 00:00:11]} e6 {[%clk 01:16:12]} {[%emt 00:00:30]} 8. O-O {[%clk
01:16:17]} {[%emt 00:00:22]} exd5 {[%clk 01:16:32]} {[%emt 00:00:11]} 9. cxd5
{[%clk 01:16:38]} {[%emt 00:00:09]} Re8 {[%clk 01:16:57]} {[%emt 00:00:05]} 10.
Bf4 {[%clk 01:15:56]} {[%emt 00:01:12]} a6 {[%clk 01:14:51]} {[%emt 00:02:37]}
11. a4 {[%clk 01:15:50]} {[%emt 00:00:36]} Ne4 {[%clk 00:59:54]} {[%emt
00:15:28]} 12. Rc1 {[%clk 01:00:43]} {[%emt 00:15:37]} Nxc3 {[%clk 00:58:51]}
{[%emt 00:01:33]} 13. bxc3 {[%clk 01:01:03]} {[%emt 00:00:09]} b5 {[%clk
00:59:02]} {[%emt 00:00:20]} 14. Nd2 {[%clk 00:56:14]} {[%emt 00:05:19]} g5
{[%clk 00:55:15]} {[%emt 00:04:17]} 15. Be3 {[%clk 00:54:32]} {[%emt 00:02:12]}
Nd7 {[%clk 00:53:06]} {[%emt 00:02:39]} 16. Ne4 {[%clk 00:54:09]} {[%emt
00:00:54]} Rxe4 {[%clk 00:40:05]} {[%emt 00:13:31]} 17. Bxe4 {[%clk 00:54:29]}
{[%emt 00:00:10]} Ne5 {[%clk 00:40:22]} {[%emt 00:00:12]} 18. Qc2 {[%clk
00:41:55]} {[%emt 00:13:03]} h6 {[%clk 00:36:05]} {[%emt 00:04:47]} 19. Rb1
{[%clk 00:36:05]} {[%emt 00:06:21]} Bd7 {[%clk 00:29:31]} {[%emt 00:07:03]} 20.
Bd3 {[%clk 00:25:42]} {[%emt 00:10:54]} Qf6 {[%clk 00:18:34]} {[%emt 00:11:26]}
21. Bd2 {[%clk 00:21:10]} {[%emt 00:05:03]} Re8 {[%clk 00:17:28]} {[%emt
00:01:32]} 22. f4 {[%clk 00:19:06]} {[%emt 00:02:39]} gxf4 {[%clk 00:15:50]}
{[%emt 00:02:08]} 23. Rxf4 {[%clk 00:17:34]} {[%emt 00:02:02]} Qe7 {[%clk
00:15:40]} {[%emt 00:00:34]} 24. Rbf1 {[%clk 00:16:56]} {[%emt 00:01:14]} c4
{[%clk 00:14:59]} {[%emt 00:01:12]} 25. Bh7+ {[%clk 00:12:40]} {[%emt
00:04:45]} Kh8 {[%clk 00:15:03]} {[%emt 00:00:22]} 26. Bf5 {[%clk 00:12:29]}
{[%emt 00:00:45]} bxa4 {[%clk 00:14:18]} {[%emt 00:01:15]} 27. Rh4 {[%clk
00:11:57]} {[%emt 00:01:02]} Bxf5 {[%clk 00:13:47]} {[%emt 00:01:00]} 28. Qxf5
{[%clk 00:12:08]} {[%emt 00:00:19]} Ng6 {[%clk 00:10:58]} {[%emt 00:03:19]} 29.
Rh3 {[%clk 00:08:12]} {[%emt 00:04:26]} Qxe2 {[%clk 00:08:19]} {[%emt
00:03:08]} 30. Bxh6 {[%clk 00:08:06]} {[%emt 00:00:36]} Bxh6 {[%clk 00:08:11]}
{[%emt 00:00:39]} 31. Qf6+ {[%clk 00:08:30]} {[%emt 00:00:05]} 1-0

[Event "DEM U10 2024"]
[Site "Willingen GER"]
[Date "2024.05.22"]
[Round "6"]
[White "Stoyanov, Victor"]
[Black "Müller, Konstantin"]
[Result "1/2-1/2"]
[Termination "normal"]
[Board "4"]
[WhiteElo "1658"]
[BlackElo "1851"]
[WhiteClock "00:02:20"]
[BlackClock "00:03:32"]
[PlyCount "68"]
[WhiteFideId "5401240"]
[BlackFideId "34661778"]
[EventCountry "GER"]
[EventRounds "11"]
[EventType "swiss"]
[EventDate "2024.05.18"]

1. e4 {[%clk 01:15:59]} {[%emt 19:54:23]} c5 {[%clk 01:15:55]} {[%emt
00:00:06]} 2. Nf3 {[%clk 01:16:25]} {[%emt 00:00:03]} e6 {[%clk 01:16:23]}
{[%emt 00:00:03]} 3. d4 {[%clk 01:16:51]} {[%emt 00:00:04]} cxd4 {[%clk
01:16:50]} {[%emt 00:00:03]} 4. Nxd4 {[%clk 01:17:16]} {[%emt 00:00:05]} Nf6
{[%clk 01:17:15]} {[%emt 00:00:05]} 5. Nc3 {[%clk 01:17:38]} {[%emt 00:00:07]}
Nc6 {[%clk 01:17:42]} {[%emt 00:00:04]} 6. a3 {[%clk 01:18:02]} {[%emt
00:00:06]} Be7 {[%clk 01:17:57]} {[%emt 00:00:15]} 7. Nxc6 {[%clk 01:18:13]}
{[%emt 00:00:19]} bxc6 {[%clk 01:18:22]} {[%emt 00:00:05]} 8. e5 {[%clk
01:18:19]} {[%emt 00:00:24]} Nd5 {[%clk 01:18:49]} {[%emt 00:00:03]} 9. Qg4
{[%clk 01:18:19]} {[%emt 00:00:29]} g6 {[%clk 01:16:37]} {[%emt 00:02:42]} 10.
Qg3 {[%clk 01:18:21]} {[%emt 00:00:28]} Nxc3 {[%clk 01:09:22]} {[%emt
00:07:46]} 11. Qxc3 {[%clk 01:18:14]} {[%emt 00:00:37]} f6 {[%clk 01:04:30]}
{[%emt 00:05:22]} 12. Bf4 {[%clk 01:11:19]} {[%emt 00:07:25]} fxe5 {[%clk
00:59:57]} {[%emt 00:05:03]} 13. Bxe5 {[%clk 01:08:57]} {[%emt 00:02:52]} O-O
{[%clk 00:57:38]} {[%emt 00:02:49]} 14. f4 {[%clk 00:49:06]} {[%emt 00:20:20]}
a5 {[%clk 00:39:47]} {[%emt 00:18:22]} 15. O-O-O {[%clk 00:42:08]} {[%emt
00:07:28]} Bf6 {[%clk 00:29:40]} {[%emt 00:10:38]} 16. Bc4 {[%clk 00:37:16]}
{[%emt 00:05:21]} d5 {[%clk 00:23:14]} {[%emt 00:06:56]} 17. h4 {[%clk
00:23:54]} {[%emt 00:13:51]} Bxe5 {[%clk 00:18:59]} {[%emt 00:04:46]} 18. fxe5
{[%clk 00:22:47]} {[%emt 00:01:36]} Ra7 {[%clk 00:15:02]} {[%emt 00:04:28]} 19.
Bd3 {[%clk 00:17:12]} {[%emt 00:06:05]} Ba6 {[%clk 00:10:01]} {[%emt 00:05:32]}
20. Qxc6 {[%clk 00:14:02]} {[%emt 00:03:39]} Qc8 {[%clk 00:09:53]} {[%emt
00:00:38]} 21. Qxc8 {[%clk 00:13:02]} {[%emt 00:01:30]} Rxc8 {[%clk 00:10:08]}
{[%emt 00:00:15]} 22. Bxa6 {[%clk 00:13:03]} {[%emt 00:00:29]} Rxa6 {[%clk
00:10:32]} {[%emt 00:00:06]} 23. Rhf1 {[%clk 00:12:34]} {[%emt 00:00:58]} Rac6
{[%clk 00:09:47]} {[%emt 00:01:16]} 24. c3 {[%clk 00:10:15]} {[%emt 00:02:48]}
Rc4 {[%clk 00:09:10]} {[%emt 00:01:08]} 25. Kb1 {[%clk 00:07:21]} {[%emt
00:03:24]} Re4 {[%clk 00:08:25]} {[%emt 00:01:14]} 26. g3 {[%clk 00:05:59]}
{[%emt 00:01:53]} Rxe5 {[%clk 00:08:22]} {[%emt 00:00:33]} 27. Rde1 {[%clk
00:05:32]} {[%emt 00:00:57]} Rxe1+ {[%clk 00:08:36]} {[%emt 00:00:16]} 28. Rxe1
{[%clk 00:06:01]} Kf7 {[%clk 00:08:49]} {[%emt 00:00:17]} 29. Rf1+ {[%clk
00:05:29]} {[%emt 00:01:01]} Ke7 {[%clk 00:09:11]} {[%emt 00:00:09]} 30. Kc2
{[%clk 00:05:34]} {[%emt 00:00:24]} e5 {[%clk 00:08:32]} {[%emt 00:01:10]} 31.
Kd3 {[%clk 00:05:10]} {[%emt 00:00:54]} a4 {[%clk 00:08:38]} {[%emt 00:00:24]}
32. h5 {[%clk 00:03:24]} {[%emt 00:02:15]} Rb8 {[%clk 00:06:44]} {[%emt
00:02:25]} 33. hxg6 {[%clk 00:02:08]} {[%emt 00:01:45]} hxg6 {[%clk 00:06:36]}
{[%emt 00:00:38]} 34. Rf2 {[%clk 00:02:20]} {[%emt 00:00:18]} Rb3 {[%clk
00:03:32]} {[%emt 00:03:35]} 1/2-1/2

[Event "DEM U10 2024"]
[Site "Willingen GER"]
[Date "2024.05.22"]
[Round "6"]
[White "Becker, Linus"]
[Black "Sutharjan, Dakxwin"]
[Result "1-0"]
[Termination "normal"]
[Board "5"]
[WhiteElo "1705"]
[BlackElo "1769"]
[WhiteClock "00:56:56"]
[BlackClock "00:56:29"]
[PlyCount "133"]
[WhiteFideId "34614958"]
[BlackFideId "34606548"]
[EventCountry "GER"]
[EventRounds "11"]
[EventType "swiss"]
[EventDate "2024.05.18"]

1. e4 {[%clk 01:15:58]} {[%emt 00:00:01]} d5 {[%clk 01:15:49]} {[%emt
00:00:11]} 2. exd5 {[%clk 01:16:22]} {[%emt 00:00:06]} Nf6 {[%clk 01:16:13]}
{[%emt 00:00:06]} 3. d4 {[%clk 01:16:44]} {[%emt 00:00:08]} Nxd5 {[%clk
01:16:37]} {[%emt 00:00:06]} 4. Nf3 {[%clk 01:17:06]} {[%emt 00:00:07]} g6
{[%clk 01:16:53]} {[%emt 00:00:15]} 5. c4 {[%clk 01:17:28]} {[%emt 00:00:08]}
Nb6 {[%clk 01:17:12]} {[%emt 00:00:11]} 6. Nc3 {[%clk 01:17:48]} {[%emt
00:00:11]} Bg7 {[%clk 01:17:25]} {[%emt 00:00:17]} 7. c5 {[%clk 01:18:01]}
{[%emt 00:00:16]} Nd5 {[%clk 01:17:48]} {[%emt 00:00:07]} 8. Bc4 {[%clk
01:18:20]} {[%emt 00:00:11]} Nxc3 {[%clk 01:18:10]} {[%emt 00:00:07]} 9. bxc3
{[%clk 01:18:44]} {[%emt 00:00:06]} O-O {[%clk 01:18:28]} {[%emt 00:00:13]} 10.
O-O {[%clk 01:19:07]} {[%emt 00:00:08]} Nc6 {[%clk 01:18:54]} {[%emt 00:00:04]}
11. Bg5 {[%clk 01:18:03]} {[%emt 00:01:33]} h6 {[%clk 01:18:29]} {[%emt
00:00:56]} 12. Bh4 {[%clk 01:18:13]} {[%emt 00:00:18]} g5 {[%clk 01:17:48]}
{[%emt 00:01:13]} 13. Bg3 {[%clk 01:18:18]} {[%emt 00:00:23]} Bg4 {[%clk
01:17:55]} {[%emt 00:00:23]} 14. h3 {[%clk 01:17:18]} {[%emt 00:01:31]} Bh5
{[%clk 01:17:05]} {[%emt 00:01:20]} 15. Qd3 {[%clk 01:16:47]} {[%emt 00:01:00]}
e5 {[%clk 01:05:45]} {[%emt 00:11:51]} 16. Nxe5 {[%clk 01:00:13]} {[%emt
00:17:04]} Nxe5 {[%clk 01:05:03]} {[%emt 00:01:13]} 17. Bxe5 {[%clk 00:58:36]}
{[%emt 00:02:07]} Bxe5 {[%clk 01:05:02]} {[%emt 00:00:30]} 18. dxe5 {[%clk
00:58:56]} {[%emt 00:00:09]} Qe7 {[%clk 01:02:21]} {[%emt 00:03:12]} 19. g4
{[%clk 00:57:08]} {[%emt 00:02:18]} Bxg4 {[%clk 00:57:22]} {[%emt 00:05:29]}
20. Qg6+ {[%clk 00:56:08]} {[%emt 00:01:29]} Kh8 {[%clk 00:57:36]} {[%emt
00:00:17]} 21. Qxh6+ {[%clk 00:56:21]} {[%emt 00:00:16]} Kg8 {[%clk 00:57:45]}
{[%emt 00:00:22]} 22. hxg4 {[%clk 00:56:31]} {[%emt 00:00:20]} Qxe5 {[%clk
00:57:09]} {[%emt 00:01:07]} 23. Qg6+ {[%clk 00:54:51]} {[%emt 00:02:09]} Qg7
{[%clk 00:56:26]} {[%emt 00:01:13]} 24. Qxg7+ {[%clk 00:54:56]} {[%emt
00:00:25]} Kxg7 {[%clk 00:56:47]} {[%emt 00:00:09]} 25. Rab1 {[%clk 00:54:17]}
{[%emt 00:01:09]} Rfe8 {[%clk 00:57:10]} {[%emt 00:00:08]} 26. Rfe1 {[%clk
00:52:11]} {[%emt 00:02:35]} b6 {[%clk 00:56:56]} {[%emt 00:00:44]} 27. cxb6
{[%clk 00:51:20]} {[%emt 00:01:21]} axb6 {[%clk 00:57:16]} {[%emt 00:00:11]}
28. Kf1 {[%clk 00:51:13]} {[%emt 00:00:36]} Rxe1+ {[%clk 00:54:34]} {[%emt
00:03:12]} 29. Rxe1 {[%clk 00:50:58]} {[%emt 00:00:45]} Ra4 {[%clk 00:54:59]}
{[%emt 00:00:05]} 30. Bb3 {[%clk 00:50:01]} {[%emt 00:01:27]} Rxg4 {[%clk
00:55:13]} {[%emt 00:00:16]} 31. Re7 {[%clk 00:50:20]} {[%emt 00:00:12]} Rf4
{[%clk 00:54:48]} {[%emt 00:00:54]} 32. Rxc7 {[%clk 00:50:30]} {[%emt
00:00:20]} b5 {[%clk 00:54:51]} {[%emt 00:00:28]} 33. Rc5 {[%clk 00:50:43]}
{[%emt 00:00:16]} b4 {[%clk 00:54:55]} {[%emt 00:00:26]} 34. cxb4 {[%clk
00:50:56]} {[%emt 00:00:17]} Rxb4 {[%clk 00:55:18]} {[%emt 00:00:07]} 35. Rxg5+
{[%clk 00:51:16]} {[%emt 00:00:10]} Kf6 {[%clk 00:55:37]} {[%emt 00:00:11]} 36.
Rg3 {[%clk 00:51:32]} {[%emt 00:00:14]} Rf4 {[%clk 00:54:49]} {[%emt 00:01:19]}
37. Ke2 {[%clk 00:51:10]} {[%emt 00:00:51]} Re4+ {[%clk 00:54:41]} {[%emt
00:00:38]} 38. Re3 {[%clk 00:51:32]} {[%emt 00:00:08]} Rd4 {[%clk 00:55:01]}
{[%emt 00:00:10]} 39. Rf3+ {[%clk 00:51:51]} {[%emt 00:00:11]} Ke5 {[%clk
00:55:02]} {[%emt 00:00:28]} 40. Rxf7 {[%clk 00:51:09]} {[%emt 00:01:12]} Re4+
{[%clk 00:54:46]} {[%emt 00:00:47]} 41. Kd3 {[%clk 00:50:58]} {[%emt 00:00:41]}
Rd4+ {[%clk 00:54:33]} {[%emt 00:00:43]} 42. Kc3 {[%clk 00:51:15]} {[%emt
00:00:13]} Rd6 {[%clk 00:54:03]} {[%emt 00:01:00]} 43. f4+ {[%clk 00:51:04]}
{[%emt 00:00:41]} Ke4 {[%clk 00:54:09]} {[%emt 00:00:24]} 44. f5 {[%clk
00:51:20]} {[%emt 00:00:14]} Rc6+ {[%clk 00:54:02]} {[%emt 00:00:37]} 45. Kb2
{[%clk 00:51:34]} {[%emt 00:00:15]} Kd4 {[%clk 00:54:04]} {[%emt 00:00:29]} 46.
f6 {[%clk 00:51:38]} {[%emt 00:00:26]} Kc5 {[%clk 00:53:45]} {[%emt 00:00:49]}
47. Rf8 {[%clk 00:51:45]} {[%emt 00:00:22]} Rc7 {[%clk 00:53:40]} {[%emt
00:00:37]} 48. f7 {[%clk 00:51:58]} {[%emt 00:00:16]} Kc6 {[%emt 00:00:12]} 49.
Re8 {[%clk 00:52:17]} {[%emt 00:00:07]} Rxf7 {[%clk 00:52:40]} {[%emt
00:01:52]} 50. Bxf7 {[%clk 00:52:32]} {[%emt 00:00:15]} Kb6 {[%clk 00:52:58]}
{[%emt 00:00:13]} 51. Re1 {[%clk 00:52:40]} {[%emt 00:00:21]} Kb7 {[%clk
00:53:06]} {[%emt 00:00:22]} 52. a4 {[%clk 00:52:55]} {[%emt 00:00:14]} Kb6
{[%clk 00:53:33]} {[%emt 00:00:04]} 53. Ra1 {[%clk 00:53:14]} {[%emt 00:00:11]}
Ka5 {[%emt 00:00:07]} 54. Kb3 {[%clk 00:53:38]} {[%emt 00:00:04]} Ka6 {[%clk
00:54:21]} {[%emt 00:00:07]} 55. a5 {[%clk 00:53:59]} {[%emt 00:00:09]} Kb7
{[%clk 00:54:29]} {[%emt 00:00:23]} 56. a6+ {[%clk 00:54:16]} {[%emt 00:00:13]}
Ka7 {[%clk 00:54:53]} {[%emt 00:00:06]} 57. Bd5 {[%clk 00:54:36]} {[%emt
00:00:06]} Kb6 {[%clk 00:55:00]} {[%emt 00:00:27]} 58. a7 {[%clk 00:54:58]}
{[%emt 00:00:08]} Kc5 {[%clk 00:55:27]} {[%emt 00:00:03]} 59. a8=Q {[%emt
00:00:19]} Kd4 {[%clk 00:55:03]} {[%emt 00:00:50]} 60. Bg8 {[%clk 00:55:16]}
{[%emt 00:00:23]} Ke3 {[%clk 00:55:20]} {[%emt 00:00:16]} 61. Qd8 {[%clk
00:55:13]} {[%emt 00:00:48]} Ke2 {[%clk 00:54:54]} {[%emt 00:00:57]} 62. Ra7
{[%clk 00:55:27]} {[%emt 00:00:15]} Ke3 {[%clk 00:55:16]} {[%emt 00:00:09]} 63.
Re7 {[%clk 00:55:50]} {[%emt 00:00:07]} Kf4 {[%clk 00:55:39]} {[%emt 00:00:08]}
64. Qf8+ {[%clk 00:56:02]} {[%emt 00:00:17]} Kg5 {[%clk 00:56:02]} {[%emt
00:00:05]} 65. Rg7+ {[%clk 00:56:18]} {[%emt 00:00:15]} Kh5 {[%clk 00:56:25]}
{[%emt 00:00:08]} 66. Bf7+ {[%clk 00:56:33]} {[%emt 00:00:15]} Kh4 {[%clk
00:56:29]} {[%emt 00:00:25]} 67. Qh8+ {[%clk 00:56:56]} {[%emt 00:00:08]} 1-0

[Event "DEM U10 2024"]
[Site "Willingen GER"]
[Date "2024.05.22"]
[Round "6"]
[White "Meitzner, Jonathan Franz"]
[Black "Sauer, Ben"]
[Result "1/2-1/2"]
[Termination "normal"]
[Board "6"]
[WhiteElo "1730"]
[BlackElo "1626"]
[WhiteClock "00:04:26"]
[BlackClock "00:09:01"]
[PlyCount "88"]
[WhiteFideId "34616110"]
[BlackFideId "34606866"]
[EventCountry "GER"]
[EventRounds "11"]
[EventType "swiss"]
[EventDate "2024.05.18"]

1. e4 {[%clk 01:15:54]} {[%emt 00:00:05]} c5 {[%clk 01:15:56]} {[%emt
00:00:05]} 2. Nf3 {[%clk 01:16:16]} {[%emt 00:00:07]} e6 {[%clk 01:16:14]}
{[%emt 00:00:12]} 3. d4 {[%clk 01:16:35]} {[%emt 00:00:11]} cxd4 {[%clk
01:16:39]} {[%emt 00:00:06]} 4. Nxd4 {[%clk 01:16:36]} {[%emt 00:00:28]} Nc6
{[%clk 01:17:04]} {[%emt 00:00:05]} 5. Nxc6 {[%clk 01:17:02]} {[%emt 00:00:05]}
bxc6 {[%clk 01:17:23]} {[%emt 00:00:11]} 6. Bd3 {[%clk 01:17:18]} {[%emt
00:00:13]} Qc7 {[%clk 01:15:53]} {[%emt 00:02:00]} 7. Qe2 {[%clk 01:16:38]}
{[%emt 00:01:10]} Nf6 {[%clk 01:14:39]} {[%emt 00:01:44]} 8. Nd2 {[%clk
01:12:23]} {[%emt 00:04:45]} d5 {[%clk 01:12:19]} {[%emt 00:02:50]} 9. O-O
{[%clk 01:10:12]} {[%emt 00:02:41]} Be7 {[%clk 01:07:49]} {[%emt 00:05:00]} 10.
f4 {[%clk 00:59:06]} {[%emt 00:11:36]} Bc5+ {[%clk 00:57:13]} {[%emt 00:11:06]}
11. Kh1 {[%clk 00:59:19]} {[%emt 00:00:18]} d4 {[%clk 00:53:12]} {[%emt
00:04:31]} 12. e5 {[%clk 00:50:36]} {[%emt 00:09:12]} Nd5 {[%clk 00:48:56]}
{[%emt 00:04:46]} 13. Ne4 {[%clk 00:49:19]} {[%emt 00:01:47]} Be7 {[%clk
00:46:40]} {[%emt 00:02:46]} 14. a3 {[%clk 00:46:14]} {[%emt 00:03:36]} c5
{[%clk 00:40:33]} {[%emt 00:06:36]} 15. Rf3 {[%clk 00:35:30]} {[%emt 00:11:14]}
Bd7 {[%clk 00:35:22]} {[%emt 00:05:41]} 16. Bd2 {[%clk 00:27:54]} {[%emt
00:08:06]} Bc6 {[%clk 00:22:01]} {[%emt 00:13:51]} 17. Rh3 {[%clk 00:19:42]}
{[%emt 00:08:27]} O-O-O {[%clk 00:13:48]} {[%emt 00:08:58]} 18. Ba6+ {[%clk
00:18:18]} {[%emt 00:01:54]} Bb7 {[%clk 00:13:52]} {[%emt 00:00:27]} 19. Rb3
{[%clk 00:11:00]} {[%emt 00:07:47]} Nb6 {[%clk 00:10:20]} {[%emt 00:04:02]} 20.
Ba5 {[%clk 00:08:01]} {[%emt 00:03:29]} Bxa6 {[%clk 00:08:17]} {[%emt
00:02:34]} 21. Qxa6+ {[%clk 00:08:24]} {[%emt 00:00:07]} Qb7 {[%clk 00:07:55]}
{[%emt 00:00:51]} 22. Qxb7+ {[%clk 00:08:05]} {[%emt 00:00:49]} Kxb7 {[%clk
00:08:19]} {[%emt 00:00:06]} 23. Nd2 {[%clk 00:07:30]} {[%emt 00:01:05]} Kc6
{[%clk 00:07:17]} {[%emt 00:01:32]} 24. Bxb6 {[%clk 00:06:36]} {[%emt
00:01:24]} axb6 {[%clk 00:07:40]} {[%emt 00:00:07]} 25. a4 {[%clk 00:06:59]}
{[%emt 00:00:07]} Ra8 {[%clk 00:05:27]} {[%emt 00:02:43]} 26. Nc4 {[%clk
00:06:53]} {[%emt 00:00:36]} Ra6 {[%clk 00:05:17]} {[%emt 00:00:40]} 27. Kg1
{[%clk 00:04:40]} {[%emt 00:02:43]} Rha8 {[%clk 00:05:16]} {[%emt 00:00:32]}
28. Kf2 {[%clk 00:02:00]} {[%emt 00:03:10]} Bd8 {[%clk 00:05:12]} {[%emt
00:00:34]} 29. Rba3 {[%clk 00:02:16]} {[%emt 00:00:14]} Bc7 {[%clk 00:04:15]}
{[%emt 00:01:26]} 30. b3 {[%clk 00:00:54]} {[%emt 00:01:52]} Rd8 {[%clk
00:02:36]} {[%emt 00:02:10]} 31. Rd1 {[%clk 00:01:03]} {[%emt 00:00:20]} Raa8
{[%clk 00:01:49]} {[%emt 00:01:17]} 32. Rd3 {[%clk 00:01:07]} {[%emt 00:00:26]}
b5 {[%clk 00:00:44]} {[%emt 00:01:35]} 33. axb5+ {[%clk 00:01:10]} {[%emt
00:00:27]} Kxb5 {[%clk 00:01:03]} {[%emt 00:00:11]} 34. Rh3 {[%clk 00:00:45]}
{[%emt 00:00:53]} Rxa3 {[%clk 00:00:38]} {[%emt 00:00:57]} 35. Nxa3+ {[%clk
00:01:09]} {[%emt 00:00:07]} Kb4 {[%clk 00:00:54]} {[%emt 00:00:14]} 36. Nc4
{[%clk 00:01:30]} {[%emt 00:00:08]} h6 {[%clk 00:00:53]} {[%emt 00:00:31]} 37.
Rg3 {[%clk 00:00:56]} {[%emt 00:01:04]} g6 {[%clk 00:01:03]} {[%emt 00:00:20]}
38. Rh3 {[%clk 00:01:13]} {[%emt 00:00:12]} h5 {[%clk 00:01:19]} {[%emt
00:00:15]} 39. Rd3 {[%clk 00:00:52]} {[%emt 00:00:51]} Ra8 {[%clk 00:00:52]}
{[%emt 00:00:57]} 40. Ke2 {[%clk 00:00:44]} {[%emt 00:00:38]} Ra2 {[%clk
00:00:41]} {[%emt 00:00:41]} 41. Kd2 {[%clk 00:00:32]} {[%emt 00:00:42]} Kb5
{[%clk 00:14:20]} {[%emt 00:01:51]} 42. Kc1 {[%clk 00:13:36]} {[%emt 00:02:26]}
Kc6 {[%clk 00:09:40]} {[%emt 00:05:10]} 43. Kb1 {[%clk 00:05:38]} {[%emt
00:08:27]} Ra8 {[%clk 00:09:15]} {[%emt 00:00:56]} 44. g3 {[%clk 00:04:26]}
{[%emt 00:01:42]} Rb8 {[%clk 00:09:01]} {[%emt 00:00:44]} 1/2-1/2